000 00616nam a2200241Ia 4500
008 180523s9999 xx 000 0 und d
020 _a978-158270-170-7
050 _aMAIN BF 639
050 _b.B97 2006
100 _aByrne, Rhonda.
245 4 _aThe Secret /
245 0 _cRhonda Byrne.
260 _aNew York :
260 _bAtria books,
260 _c2006
300 _a198 pages :
300 _billustrations (some colored) ;
300 _c18 cm.
650 _aNew thought.
650 _aSelf-actualization (Psychology)
650 _xHappiness.
650 _xSuccess -- Psychological aspects.
999 _c356570
_d356570